000 00509nam a22001697a 4500
005 20251108164042.0
008 250721s9999 xx 000 0 ara d
082 1 4 _a191/توف
100 1 _aالحكيم، توفيق
245 1 0 _aالتعادلية مع الإسلام و التعادلية /
264 1 _aالقاهرة :
_bمكتبة مصر،
_c[19-].
300 _a212ص
650 1 7 _aالفلسفة الإسلامية
650 1 7 _aالفلسفة الحديثة
942 _2ddc
_cBK
999 _c2422
_d2422